Sayings of the Ayatollah Khomeini (Record no. 5845)
[ view plain ]
| 000 -LEADER | |
|---|---|
| fixed length control field | 00647nam a2200253 a 4500 |
| 020 ## - INTERNATIONAL STANDARD BOOK NUMBER | |
| ISBN | |
| 082 00 - DEWEY DECIMAL CLASSIFICATION NUMBER | |
| Classification number | 181.07 |
| Author Cutter | KHO |
| 100 ## - MAIN ENTRY--AUTHOR NAME | |
| Author name | Khomeini, Ayatollah |
| 245 ## - TITLE STATEMENT | |
| Title | Sayings of the Ayatollah Khomeini |
| Sub title | Political, Philosophcal Social |
| 260 ## - PUBLICATION, DISTRIBUTION, ETC. (IMPRINT) | |
| Place of publication | New York |
| Name of publisher | Bantam Books |
| Year of publication | 1980 |
| 300 ## - PHYSICAL DESCRIPTION | |
| Number of Pages | 125p |
| 500 ## - GENERAL NOTE | |
| General note | includes index and biblioraphy |
| 505 2# - FORMATTED CONTENTS NOTE | |
| Formatted contents note | Index |
| 650 ## - SUBJECT ADDED ENTRY--TOPICAL TERM | |
| Topical Term | Philosophy-Islamic |
| 942 ## - ADDED ENTRY ELEMENTS (KOHA) | |
| Koha item type | Books |
| 700 1# - | |
| -- | Tony Hendra |
| 700 1# - | |
| -- | Harold J Salemson |
| Collection code | Home library | Current library | Date acquired | Cost, normal purchase price | Full call number | Accession Number | Koha item type |
|---|---|---|---|---|---|---|---|
| Henry Martyn Institute Library | Henry Martyn Institute Library | 07/31/2007 | 100.00 | 181.07 KHO | 09973 | Books |
